000 00320nam a2200133Ia 4500
008 240624s9999 xx 000 0 und d
041 _aeng
082 _a823 BUS
100 _aBUSSI MICHEL
245 _aDON T LET GO
260 _c2017
_aNew Delhi
_bWeidenfeld & Nicolson
300 _a324 p.; 19 cm.
365 _cRS
_b30
999 _c29490
_d29490